000 03447nam a22003017a 4500
003 OSt
005 20260327134857.0
008 260326t2008 xxu||||| |||| 00| 0 spa d
020 _a9789707643987
040 _aUnicoc
_bspa
_c00001
_d00001
082 _a150.194
100 _912760
_aVarela, Julio
245 _aConceptos básicos del interconductismo
_b: Para entender el Interconductismo
_c/ Julio Varela
250 _a1 Ed.
260 _aMéxico :
_bUniversidad de Guadalajara ,
_c2008
300 _a236 páginas
440 _912761
_aPsicología, salud y educación
500 _aIncluye referencias bibliográficas
505 _tIntroducción: sobre los términos que se emplean. -- Aptitud: etapas, periodos, niveles, fases. -- Campo interconductual. -- Causación lineal. -- Competencia. -- Condicionado -- Condicional. --
_tConducta Lingüística: Hablarle a un objeto, como puede ser una planta -- Hablarle a un animal -- Hablarse a sí mismo -- Hablar a personas que hablan un idioma desconocido -- Hablar por teléfono -- Hablar por la radio -- Escribir a alguien que está ausente -- Escribir una nota para acordarse de algo – Chattear -- Leer un texto en voz alta o en silencio -- Escuchar la radio. -- Ver y escuchar un programa de tv. -- Escuchar el maullido, ladrido o "voz" de la mascota. -- Escuchar el ruido de un objeto que se rompe. --
_tContingencia. -- Desligamiento funcional. – Diacronía. -- Elementos morfológicos de una función. -- Evolución del estímulo. -- Función (de estímulo - respuesta). --
_tFunción Contextual. -- Los diagramas. – Interrupción. – Asociación. – Configuración. --
_tFunción Suplementaria. -- Contingencia simple. -- Contingencia intermitente. -- Contingencia compuesta y Concurrente. --
_tFunción Selectora. -- Procedimiento de igualación de la muestra. -- El establecimiento de un criterio. –
_tFunción sustitutiva referencial. -- Sistema Reactivo convencional. -- Referidor y Referido. -- ¿Qué se sustituye?. -- Referencia a eventos independientes. -- Referencia del referido. -- Referencia del referidor, -- Autorreferencia. -- Sobre la sintaxis. -- Hipótesis sobre la genética de los modos lingüísticos. – Orataxis. – Gramataxis. – Eidetaxis. – Mimetaxis. -- Los eventos concretos y abstractos. --
_tFunción sustitutiva no referencial. -- Proceso de Traducción. -- La mediación referencial de respuestas referenciales. -- La mediación referencial de respuestas referenciales y no referenciales. -- La mediación referencial de respuestas no referenciales. -- La mediación no referencial de respuestas referenciales. -- Respuesta, segmento, conjunto. -- La mediación no referencial de respuestas referenciales y no referenciales. -- La mediación no referencial de respuestas no referenciales. --
_tFormación función de estímulo y de respuesta. -- Historia interconductual. – Interacción. -- Lenguaje ordinario (coloquial). – Respuesta. – Sincronía. – Taxonomía.
526 _5Unicoc
546 _aEspañol
650 0 _912795
_aInterconductismo
_vPsicología
650 0 _912796
_aPsicología interconductual
650 0 _97815
_aConductismo (Psicología)
658 0 _910741
_aPrograma de Psicología
856 _uhttps://unicoceduco-my.sharepoint.com/:b:/g/personal/direccionbiblioteca_unicoc_edu_co/IQBvZ0EgifEtRa7YyhY19tL5AeGVuSijcT5aTnhbNZ8cq0g
_yAcceso online exclusivo para comunidad Unicoc.
942 _2ddc
_cEBOOK
999 _c10783
_d10783